00514cam a22001692 4500001001100000005001700011008004100028020001700069040001500086100002800101245010400129250001800233260003400251300001900285650003700304852000300341000002101520151021151140.0120109s xx 000 0 eng d a8175153059 : aKABUcKABU1 aJaiswal, S.@000015699310aE-Commerce (Electronic communication for business) :bdoing business on the internet /cS. Jaiswal. a2nd Rev. ed. aNew Delhi :bGalgotia,c2006. axxvii, 564 p. 0aElectronic commerce.@00001481421